000 00854nam a2200253 a 4500
003 BLK
005 20250127161524.0
008 220511b bu |||||r|||| 00| | bu d
020 _a9786191517213
040 _aBLK
041 _aENG
_cENG
080 _aАнглийска литература
_b821.111
_x-93-34
_z821.111-93-34
100 _91299
_aAsenova, Vera Dimitrova
_eпърви автор
139 _aAsenova, Vera Dimitrova
_bA 83
245 _aThe little bird and the tree
_cVera Asenova ; ill. Svilen Dimitrov.
260 _9210020
_aSofia
_bSoftPress
_c2021
_n954-8751-
300 _a62 с.
_bс цв. ил.
_c24 см
380 _aDX
700 _9599
_aДимитров, Свилен
_eил.
852 _aЦб 312412
_bЦб
942 _cKNG
_n0
_s1
_06
944 _aCR
_c2022-05-11
_k30564
_lАнна Гръцманова
999 _c455126
_d455126
999 _d455126